[Event "MP do 16 lat - chlopcy"]
[Site "Sypniewo"]
[Date "2022.03.25"]
[Round "7.10"]
[White "Jedraszek, Pawel"]
[Black "Kutowski, Marcel"]
[Result "0-1"]
[BlackElo "1914"]
[WhiteElo "1954"]
[LiveChessVersion "1.4.8"]

1. e4 {[%clk 1:30:57]} c5 {[%clk 1:30:53]} 2. Nf3 {[%clk 1:31:21]} d6
{[%clk 1:31:15]} 3. d4 {[%clk 1:31:49]} cxd4 {[%clk 1:31:41]} 4. Nxd4
{[%clk 1:32:09]} Nf6 {[%clk 1:32:07]} 5. Nc3 {[%clk 1:32:25]} a6 {[%clk 1:32:34]}
6. Bg5 {[%clk 1:32:38]} e6 {[%clk 1:32:59]} 7. f4 {[%clk 1:32:46]} Nbd7
{[%clk 1:33:26]} 8. Bc4 {[%clk 1:26:25]} b5 {[%clk 1:29:33]} 9. Bb3
{[%clk 1:17:21]} Bb7 {[%clk 1:18:36]} 10. a3 {[%clk 1:13:38]} Qb6
{[%clk 1:11:32]} 11. Bxf6 {[%clk 1:09:15]} Nxf6 {[%clk 1:11:12]} 12. Qd3
{[%clk 1:09:01]} Rc8 {[%clk 1:06:24]} 13. O-O-O {[%clk 1:06:27]} Rxc3
{[%clk 0:54:42]} 14. Qxc3 {[%clk 1:06:06]} Nxe4 {[%clk 0:54:51]} 15. Qe1
{[%clk 0:53:40]} d5 {[%clk 0:51:37]} 16. f5 {[%clk 0:45:37]} Bc5 {[%clk 0:38:58]}
17. c3 {[%clk 0:43:27]} O-O {[%clk 0:29:10]} 18. fxe6 {[%clk 0:43:44]} fxe6
{[%clk 0:28:47]} 19. Rf1 {[%clk 0:42:27]} Rc8 {[%clk 0:23:50]} 20. Bc2
{[%clk 0:32:22]} a5 {[%clk 0:20:15]} 21. Nb3 {[%clk 0:25:45]} Bf2
{[%clk 0:12:17]} 22. Qe2 {[%clk 0:24:43]} b4 {[%clk 0:12:19]} 23. axb4
{[%clk 0:21:09]} axb4 {[%clk 0:12:23]} 24. Bxe4 {[%clk 0:18:46]} Be3+
{[%clk 0:12:37]} 25. Kb1 {[%clk 0:15:34]} dxe4 {[%clk 0:12:54]} 26. c4
{[%clk 0:14:42]} Ba6 {[%clk 0:08:38]} 27. Nd2 {[%clk 0:07:22]} b3
{[%clk 0:06:12]} 28. Rfe1 {[%clk 0:07:16]} Bxd2 {[%clk 0:05:18]} 29. Qxd2
{[%clk 0:07:33]} Bxc4 {[%clk 0:05:29]} 30. Qd7 {[%clk 0:02:24]} Qa6
{[%clk 0:05:24]} 31. Kc1 {[%clk 0:00:36]} Bd5+ {[%clk 0:05:27]} 32. Kd2
{[%clk 0:00:57]} Qd3# 0-1

[Event "MP do 16 lat - chlopcy"]
[Site "Sypniewo"]
[Date "2022.03.25"]
[Round "7.11"]
[White "Rog, Bartlomiej"]
[Black "Lysakowski, Kamil"]
[Result "0-1"]
[BlackElo "1805"]
[WhiteElo "2143"]
[LiveChessVersion "1.4.8"]

1. e4 {[%clk 1:30:56]} Nf6 {[%clk 1:30:58]} 2. e5 {[%clk 1:31:22]} Nd5
{[%clk 1:31:25]} 3. d4 {[%clk 1:31:39]} d6 {[%clk 1:31:52]} 4. f4
{[%clk 1:30:51]} dxe5 {[%clk 1:27:23]} 5. fxe5 {[%clk 1:30:12]} c5
{[%clk 1:26:51]} 6. c4 {[%clk 1:26:05]} Nb4 {[%clk 1:25:30]} 7. d5
{[%clk 1:26:26]} Bf5 {[%clk 1:25:25]} 8. Na3 {[%clk 1:26:47]} e6 {[%clk 1:23:07]}
9. d6 {[%clk 1:23:08]} Qh4+ {[%clk 1:22:43]} 10. g3 {[%clk 1:20:55]} Qe4+
{[%clk 1:22:49]} 11. Kf2 {[%clk 1:20:48]} Qxh1 {[%clk 1:21:11]} 12. Bg2
{[%clk 1:18:43]} Qxh2 {[%clk 1:20:47]} 13. Qf3 {[%clk 1:13:59]} Nd3+
{[%clk 1:17:06]} 14. Kf1 {[%clk 1:14:23]} Ne1 {[%clk 1:12:57]} 0-1

[Event "MP do 16 lat - chlopcy"]
[Site "Sypniewo"]
[Date "2022.03.25"]
[Round "7.12"]
[White "Paprocki, Antoni"]
[Black "Kejna, Piotr"]
[Result "0-1"]
[BlackElo "2037"]
[WhiteElo "1831"]
[LiveChessVersion "1.4.8"]

1. d4 {[%clk 1:30:55]} Nf6 {[%clk 1:30:55]} 2. c4 {[%clk 1:31:21]} e5
{[%clk 1:31:21]} 3. dxe5 {[%clk 1:31:39]} Ng4 {[%clk 1:31:44]} 4. Bf4
{[%clk 1:31:49]} Nc6 {[%clk 1:31:52]} 5. Nf3 {[%clk 1:31:58]} Bb4+
{[%clk 1:31:57]} 6. Nc3 {[%clk 1:31:46]} Qe7 {[%clk 1:31:27]} 7. Qd5
{[%clk 1:30:48]} Bxc3+ {[%clk 1:31:17]} 8. bxc3 {[%clk 1:31:14]} f6
{[%clk 1:31:05]} 9. exf6 {[%clk 1:31:32]} Nxf6 {[%clk 1:31:22]} 10. Qd3
{[%clk 1:31:15]} d6 {[%clk 1:31:16]} 11. g3 {[%clk 1:31:03]} O-O {[%clk 1:29:31]}
12. Bg2 {[%clk 1:31:25]} Bg4 {[%clk 1:25:22]} 13. O-O {[%clk 1:31:09]} Rae8
{[%clk 1:24:51]} 14. Rfe1 {[%clk 1:29:38]} Nd7 {[%clk 1:09:04]} 15. Ng5
{[%clk 1:17:46]} Bf5 {[%clk 1:06:31]} 16. e4 {[%clk 0:57:27]} Bg6
{[%clk 1:06:46]} 17. Rab1 {[%clk 0:52:43]} h6 {[%clk 0:55:00]} 18. Qd5+
{[%clk 0:40:20]} Kh8 {[%clk 0:53:55]} 19. Nh3 {[%clk 0:40:37]} Bf7
{[%clk 0:46:08]} 20. Qd1 {[%clk 0:40:19]} b6 {[%clk 0:42:54]} 21. Qa4
{[%clk 0:25:57]} Na5 {[%clk 0:42:07]} 22. Bf1 {[%clk 0:21:45]} Nc5
{[%clk 0:40:47]} 23. Qc2 {[%clk 0:20:01]} Bxc4 {[%clk 0:37:15]} 24. Bxc4
{[%clk 0:15:35]} Nxc4 {[%clk 0:37:44]} 25. Qe2 {[%clk 0:16:03]} Qf7
{[%clk 0:31:53]} 26. f3 {[%clk 0:14:55]} g5 {[%clk 0:29:48]} 27. Bxg5
{[%clk 0:09:42]} hxg5 {[%clk 0:30:17]} 28. Nxg5 {[%clk 0:10:06]} Qh5
{[%clk 0:30:04]} 29. h4 {[%clk 0:09:35]} Ne5 {[%clk 0:29:32]} 30. Kg2
{[%clk 0:09:49]} Ne6 {[%clk 0:27:35]} 31. f4 {[%clk 0:05:57]} Qxe2+
{[%clk 0:27:36]} 32. Rxe2 {[%clk 0:06:25]} Nxg5 {[%clk 0:26:10]} 33. hxg5
{[%clk 0:06:24]} Nd7 {[%clk 0:25:48]} 34. Kf3 {[%clk 0:05:46]} Kg7
{[%clk 0:25:32]} 35. Rd1 {[%clk 0:05:05]} Nc5 {[%clk 0:22:13]} 36. Rd5
{[%clk 0:03:04]} Re5 {[%clk 0:20:25]} 37. Rxe5 {[%clk 0:00:50]} dxe5
{[%clk 0:20:53]} 38. f5 {[%clk 0:01:18]} Rd8 {[%clk 0:20:40]} 39. Kg4
{[%clk 0:00:59]} Rd3 {[%clk 0:18:30]} 40. f6+ {[%clk 0:30:54]} Kg6
{[%clk 0:47:39]} 41. Rh2 {[%clk 0:29:54]} Nxe4 {[%clk 0:43:10]} 42. Rh6+
{[%clk 0:29:21]} Kf7 {[%clk 0:43:39]} 43. Rh7+ {[%clk 0:26:39]} Ke6
{[%clk 0:34:06]} 44. Rxc7 {[%clk 0:21:19]} Rxg3+ {[%clk 0:28:55]} 45. Kh4
{[%clk 0:21:41]} Rxg5 {[%clk 0:25:37]} 46. Rc4 Nd6 {[%clk 0:25:20]} 47. Kxg5
{[%clk 0:21:42]} Nxc4 {[%clk 0:25:44]} 48. Kg6 {[%clk 0:22:08]} Nd6
{[%clk 0:26:06]} 0-1

[Event "MP do 16 lat - chlopcy"]
[Site "Sypniewo"]
[Date "2022.03.25"]
[Round "7.13"]
[White "Jendrowiak, Maciej"]
[Black "Madej, Marek"]
[Result "0-1"]
[BlackElo "2017"]
[WhiteElo "1650"]
[LiveChessVersion "1.4.8"]

1. e4 {[%clk 1:30:57]} e5 {[%clk 1:30:57]} 2. Nf3 {[%clk 1:31:23]} Nc6
{[%clk 1:31:26]} 3. Bc4 {[%clk 1:31:45]} Bc5 {[%clk 1:31:49]} 4. c3
{[%clk 1:31:58]} Nf6 {[%clk 1:32:14]} 5. d4 {[%clk 1:32:17]} exd4
{[%clk 1:32:39]} 6. cxd4 {[%clk 1:32:43]} Bb4+ {[%clk 1:33:05]} 7. Bd2
{[%clk 1:32:54]} Bxd2+ {[%clk 1:32:56]} 8. Nbxd2 {[%clk 1:33:18]} d5
{[%clk 1:32:59]} 9. exd5 {[%clk 1:32:48]} Nxd5 {[%clk 1:33:27]} 10. Qb3
{[%clk 1:31:55]} Na5 {[%clk 1:32:23]} 11. Qa4+ {[%clk 1:31:43]} Nc6
{[%clk 1:32:48]} 12. Qb3 {[%clk 1:31:18]} Nce7 {[%clk 1:33:07]} 13. O-O
{[%clk 1:30:34]} O-O {[%clk 1:33:29]} 14. Rfe1 {[%clk 1:29:16]} c6
{[%clk 1:27:50]} 15. Rac1 {[%clk 1:24:29]} Nb6 {[%clk 1:21:54]} 16. Ne4
{[%clk 1:14:52]} Nxc4 {[%clk 1:19:46]} 17. Qxc4 {[%clk 1:15:00]} Nd5
{[%clk 1:07:30]} 18. Qb3 {[%clk 1:11:49]} Qb6 {[%clk 1:05:58]} 19. Qxb6
{[%clk 0:58:47]} axb6 {[%clk 1:06:25]} 20. a3 {[%clk 0:59:04]} Nf4
{[%clk 1:02:08]} 21. Rcd1 {[%clk 0:53:58]} Bg4 {[%clk 1:00:07]} 22. Nd6
{[%clk 0:48:24]} Bxf3 {[%clk 0:58:54]} 23. gxf3 {[%clk 0:48:44]} Rfd8
{[%clk 0:58:15]} 24. Nc4 {[%clk 0:47:48]} b5 {[%clk 0:57:39]} 25. Ne3
{[%clk 0:46:22]} Kf8 {[%clk 0:55:25]} 26. Nc2 {[%clk 0:45:20]} Rd6
{[%clk 0:51:36]} 27. Re4 {[%clk 0:35:31]} Ne6 {[%clk 0:45:04]} 28. Re2
{[%clk 0:24:02]} Rad8 {[%clk 0:42:32]} 29. Red2 {[%clk 0:23:46]} Rd5
{[%clk 0:39:55]} 30. b4 {[%clk 0:17:41]} R8d6 {[%clk 0:36:15]} 31. Rd3
{[%clk 0:13:36]} Nf4 {[%clk 0:32:20]} 32. Re3 {[%clk 0:12:43]} Rg5+
{[%clk 0:32:11]} 33. Kf1 {[%clk 0:12:22]} Rdg6 {[%clk 0:30:23]} 34. Ke1
{[%clk 0:12:23]} Ng2+ {[%clk 0:30:14]} 35. Kd2 {[%clk 0:12:48]} Nxe3
{[%clk 0:30:36]} 36. fxe3 {[%clk 0:12:57]} Rg2+ {[%clk 0:30:50]} 37. Kd3
{[%clk 0:13:07]} Rxh2 {[%clk 0:30:42]} 38. e4 {[%clk 0:13:26]} Rf2
{[%clk 0:30:31]} 39. Ne1 {[%clk 0:13:33]} Rg1 {[%clk 0:30:34]} 40. Ke3
{[%clk 0:43:31]} Ra2 {[%clk 1:00:43]} 41. d5 {[%clk 0:43:36]} Rxa3+
{[%clk 1:00:07]} 42. Kf4 {[%clk 0:43:53]} cxd5 {[%clk 1:00:11]} 43. exd5
{[%clk 0:44:20]} Ke7 {[%clk 1:00:18]} 0-1

[Event "MP do 16 lat - chlopcy"]
[Site "Sypniewo"]
[Date "2022.03.25"]
[Round "7.14"]
[White "Maslanka, Wojciech"]
[Black "Madajczak, Piotr"]
[Result "1-0"]
[BlackElo "1902"]
[WhiteElo "1980"]
[LiveChessVersion "1.4.8"]

1. d4 {[%clk 1:30:55]} d5 {[%clk 1:30:51]} 2. c4 {[%clk 1:30:58]} e6
{[%clk 1:31:12]} 3. Nc3 {[%clk 1:29:47]} Nf6 {[%clk 1:31:04]} 4. Nf3
{[%clk 1:30:09]} c6 {[%clk 1:31:07]} 5. Bg5 {[%clk 1:29:17]} Nbd7
{[%clk 1:29:57]} 6. e3 {[%clk 1:29:08]} Be7 {[%clk 1:30:07]} 7. Bd3
{[%clk 1:19:51]} O-O {[%clk 1:29:52]} 8. O-O {[%clk 1:19:55]} h6 {[%clk 1:21:31]}
9. Bh4 {[%clk 1:19:15]} Re8 {[%clk 1:20:24]} 10. Rc1 {[%clk 1:16:50]} Nf8
{[%clk 1:16:05]} 11. Qe2 {[%clk 1:14:08]} dxc4 {[%clk 1:10:52]} 12. Bxc4
{[%clk 1:13:40]} Nd5 {[%clk 1:11:12]} 13. Bxe7 {[%clk 1:00:13]} Qxe7
{[%clk 1:11:19]} 14. e4 {[%clk 1:00:37]} Nf6 {[%clk 1:08:33]} 15. e5
{[%clk 1:00:49]} Nd5 {[%clk 1:08:39]} 16. Ne4 {[%clk 1:01:11]} Rd8
{[%clk 1:05:39]} 17. Nd6 {[%clk 0:59:39]} Rxd6 {[%clk 1:04:26]} 18. exd6
{[%clk 0:59:58]} Qxd6 {[%clk 1:04:50]} 19. Bxd5 {[%clk 0:59:05]} Qxd5
{[%clk 0:43:58]} 20. b3 {[%clk 0:57:02]} Nd7 {[%clk 0:42:45]} 21. Rfd1
{[%clk 0:56:53]} a5 {[%clk 0:40:48]} 22. Ne5 {[%clk 0:53:21]} Nf6
{[%clk 0:39:58]} 23. Nc4 {[%clk 0:42:00]} Qd8 {[%clk 0:37:25]} 24. a3
{[%clk 0:40:46]} Nd5 {[%clk 0:37:11]} 25. Qe5 {[%clk 0:39:42]} Qg5
{[%clk 0:34:17]} 26. g3 {[%clk 0:34:01]} Bd7 {[%clk 0:30:34]} 27. Ne3
{[%clk 0:31:33]} Kf8 {[%clk 0:20:10]} 28. Qd6+ {[%clk 0:26:13]} Qe7
{[%clk 0:20:32]} 29. Qxe7+ {[%clk 0:25:07]} Kxe7 {[%clk 0:20:54]} 30. Kf1
{[%clk 0:25:24]} Nxe3+ {[%clk 0:12:23]} 31. fxe3 {[%clk 0:25:46]} f5
{[%clk 0:12:02]} 32. Kf2 {[%clk 0:25:13]} Be8 {[%clk 0:12:03]} 33. Rc5
{[%clk 0:23:48]} g5 {[%clk 0:10:06]} 34. h4 {[%clk 0:23:24]} g4 {[%clk 0:08:49]}
35. Rdc1 {[%clk 0:21:34]} Kd6 {[%clk 0:07:55]} 36. Ke2 {[%clk 0:21:16]} b6
{[%clk 0:06:47]} 37. R5c3 {[%clk 0:21:02]} Kd5 {[%clk 0:06:43]} 38. Kd3
{[%clk 0:20:26]} Ra7 {[%clk 0:06:54]} 39. Rf1 {[%clk 0:19:42]} Bg6
{[%clk 0:07:12]} 40. e4+ {[%clk 0:49:20]} fxe4+ {[%clk 0:31:34]} 41. Ke3
{[%clk 0:48:31]} Rf7 {[%clk 0:28:31]} 42. Rxf7 {[%clk 0:48:49]} Bxf7
{[%clk 0:29:00]} 43. b4 {[%clk 0:44:05]} a4 {[%clk 0:26:25]} 44. Rc1
{[%clk 0:44:17]} Bg6 {[%clk 0:26:33]} 45. Rf1 {[%clk 0:44:35]} Kc4
{[%clk 0:16:17]} 46. Rc1+ {[%clk 0:25:50]} Kd5 {[%clk 0:16:36]} 47. Rb1
{[%clk 0:25:32]} Be8 {[%clk 0:11:39]} 48. Rf1 {[%clk 0:24:30]} Kc4
{[%clk 0:11:42]} 49. Rf8 {[%clk 0:06:01]} Bg6 {[%clk 0:12:03]} 50. Rc8
{[%clk 0:06:21]} Kb3 {[%clk 0:07:42]} 51. Rxc6 {[%clk 0:06:46]} Kxa3
{[%clk 0:01:57]} 52. Rxe6 {[%clk 0:06:45]} Bf7 {[%clk 0:02:09]} 53. Rxb6
{[%clk 0:06:28]} h5 {[%clk 0:02:11]} 54. Kxe4 {[%clk 0:06:32]} Kb3
{[%clk 0:02:12]} 55. d5 {[%clk 0:04:59]} a3 {[%clk 0:02:36]} 56. b5
{[%clk 0:03:10]} Be8 {[%clk 0:02:53]} 57. d6 {[%clk 0:00:35]} a2 {[%clk 0:03:16]}
58. Ra6 {[%clk 0:01:02]} Bxb5 {[%clk 0:03:40]} 59. Ra5 {[%clk 0:00:56]} Ba4
{[%clk 0:03:13]} 60. Rxa4 {[%clk 0:01:16]} Kxa4 {[%clk 0:03:41]} 61. d7
{[%clk 0:01:21]} a1=Q {[%clk 0:03:59]} 62. d8=Q {[%clk 0:01:47]} Qf1
{[%clk 0:01:14]} 63. Qd4+ {[%clk 0:01:20]} Kb5 {[%clk 0:01:14]} 64. Qd5+
{[%clk 0:00:44]} Kb6 {[%clk 0:01:11]} 65. Qd6+ {[%clk 0:01:00]} Kb5
{[%clk 0:01:12]} 66. Qf4 {[%clk 0:00:55]} Qe2+ {[%clk 0:01:17]} 67. Kf5
{[%clk 0:01:19]} Qf3 {[%clk 0:01:43]} 68. Kg5 {[%clk 0:01:35]} Kc5
{[%clk 0:01:04]} 69. Qe5+ {[%clk 0:01:55]} Kc6 {[%clk 0:01:05]} 70. Kxh5
{[%clk 0:02:07]} Kd7 {[%clk 0:01:27]} 71. Kg5 {[%clk 0:01:43]} Qd1
{[%clk 0:01:24]} 72. h5 {[%clk 0:01:33]} Kd8 {[%clk 0:01:01]} 73. h6
{[%clk 0:01:19]} Qd2+ {[%clk 0:01:25]} 74. Kxg4 {[%clk 0:01:18]} Qxh6
{[%clk 0:01:13]} 75. Qg5+ {[%clk 0:01:43]} 1-0

[Event "MP do 16 lat - chlopcy"]
[Site "Sypniewo"]
[Date "2022.03.25"]
[Round "7.15"]
[White "Pancewicz, Szymon"]
[Black "Herwy, Jakub"]
[Result "0-1"]
[BlackElo "1947"]
[WhiteElo "1814"]
[LiveChessVersion "1.4.8"]

1. d4 {[%clk 1:30:37]} c5 {[%clk 1:30:19]} 2. d5 {[%clk 1:27:58]} Nf6
{[%clk 1:30:09]} 3. c4 {[%clk 1:27:51]} e6 {[%clk 1:27:59]} 4. Nc3
{[%clk 1:27:13]} exd5 {[%clk 1:27:46]} 5. cxd5 {[%clk 1:27:35]} d6
{[%clk 1:28:10]} 6. e4 {[%clk 1:27:18]} g6 {[%clk 1:28:25]} 7. f4
{[%clk 1:26:35]} Bg7 {[%clk 1:28:32]} 8. Bb5+ {[%clk 1:26:00]} Bd7
{[%clk 1:28:02]} 9. e5 {[%clk 1:24:37]} dxe5 {[%clk 1:28:21]} 10. fxe5
{[%clk 1:21:49]} Nh5 {[%clk 1:28:11]} 11. Nf3 {[%clk 1:17:17]} O-O
{[%clk 1:26:40]} 12. O-O {[%clk 1:06:37]} Bxb5 {[%clk 1:20:16]} 13. Nxb5
{[%clk 1:06:26]} Qd7 {[%clk 1:20:31]} 14. Qe2 {[%clk 0:53:42]} Re8
{[%clk 1:18:57]} 15. a4 {[%clk 0:32:29]} Na6 {[%clk 1:14:05]} 16. d6
{[%clk 0:29:22]} h6 {[%clk 1:09:22]} 17. Qc4 {[%clk 0:22:00]} Bxe5
{[%clk 1:06:02]} 18. Nxe5 {[%clk 0:21:43]} Rxe5 {[%clk 1:06:27]} 19. Bxh6
{[%clk 0:20:11]} Rae8 {[%clk 1:06:12]} 20. Ra3 {[%clk 0:16:39]} Re4
{[%clk 0:56:57]} 21. Qd5 {[%clk 0:13:51]} R8e5 {[%clk 0:56:46]} 22. Qd1
{[%clk 0:13:16]} Nb4 {[%clk 0:51:35]} 23. Raf3 {[%clk 0:10:38]} f5
{[%clk 0:50:50]} 24. Qb3+ {[%clk 0:05:44]} Kh7 {[%clk 0:51:01]} 25. Bg5
{[%clk 0:05:21]} Nc6 {[%clk 0:48:44]} 26. Bf4 {[%clk 0:01:08]} Nxf4
{[%clk 0:44:46]} 27. Rxf4 {[%clk 0:01:31]} Rxf4 {[%clk 0:44:46]} 28. Rxf4
{[%clk 0:01:39]} g5 {[%clk 0:44:32]} 29. Rf1 {[%clk 0:01:40]} a6 {[%clk 0:44:35]}
30. Nc3 {[%clk 0:01:12]} Kg7 {[%clk 0:33:55]} 31. Rd1 {[%clk 0:01:00]} b5
{[%clk 0:33:11]} 32. axb5 {[%clk 0:00:52]} Nd4 {[%clk 0:33:38]} 33. Qa2
{[%clk 0:00:48]} axb5 {[%clk 0:33:27]} 34. b4 {[%clk 0:00:37]} Qxd6
{[%clk 0:32:15]} 35. Qa7+ {[%clk 0:00:39]} Re7 {[%clk 0:32:43]} 36. Qxc5
{[%clk 0:00:55]} Ne2+ {[%clk 0:33:11]} 37. Kh1 {[%clk 0:00:40]} Qxc5
{[%clk 0:33:37]} 0-1

[Event "MP do 16 lat - chlopcy"]
[Site "Sypniewo"]
[Date "2022.03.25"]
[Round "7.16"]
[White "Dziewonski, Dariusz"]
[Black "Demski, Michal"]
[Result "1/2-1/2"]
[BlackElo "1678"]
[WhiteElo "2093"]
[LiveChessVersion "1.4.8"]

1. e4 {[%clk 1:30:59]} e5 {[%clk 1:30:55]} 2. Nf3 {[%clk 1:31:24]} Nc6
{[%clk 1:31:21]} 3. Bb5 {[%clk 1:31:48]} a6 {[%clk 1:31:46]} 4. Ba4
{[%clk 1:32:15]} d6 {[%clk 1:32:10]} 5. c3 {[%clk 1:31:33]} Bd7 {[%clk 1:32:17]}
6. O-O {[%clk 1:29:44]} g6 {[%clk 1:32:36]} 7. d4 {[%clk 1:27:16]} Bg7
{[%clk 1:31:14]} 8. h3 {[%clk 1:25:46]} h6 {[%clk 1:31:07]} 9. Be3
{[%clk 1:23:51]} Nge7 {[%clk 1:27:55]} 10. Nh2 {[%clk 1:16:58]} O-O
{[%clk 1:22:16]} 11. f4 {[%clk 1:11:30]} exf4 {[%clk 1:10:31]} 12. Bxf4
{[%clk 1:10:54]} Kh7 {[%clk 1:00:46]} 13. Bc2 {[%clk 1:05:18]} f5
{[%clk 0:55:03]} 14. Nd2 {[%clk 0:59:17]} fxe4 {[%clk 0:46:50]} 15. Bxe4
{[%clk 0:57:03]} Bf5 {[%clk 0:44:19]} 16. Qb3 {[%clk 0:52:17]} Qd7
{[%clk 0:37:20]} 17. Rae1 {[%clk 0:49:09]} Na5 {[%clk 0:32:15]} 18. Qd1
{[%clk 0:42:54]} Bxe4 {[%clk 0:29:39]} 19. Nxe4 {[%clk 0:42:50]} Rae8
{[%clk 0:25:13]} 20. Qd3 {[%clk 0:40:15]} Qb5 {[%clk 0:22:02]} 21. Qc2
{[%clk 0:34:37]} Nd5 {[%clk 0:18:02]} 22. Bc1 {[%clk 0:33:21]} Qc4
{[%clk 0:16:35]} 23. Qb1 {[%clk 0:29:43]} Rxf1+ {[%clk 0:12:19]} 24. Nxf1
{[%clk 0:29:30]} Qc6 {[%clk 0:11:05]} 25. Nfg3 {[%clk 0:25:53]} Nf6
{[%clk 0:07:38]} 26. Nxf6+ {[%clk 0:24:22]} Bxf6 {[%clk 0:07:51]} 27. Rf1
{[%clk 0:22:18]} Bg7 {[%clk 0:08:18]} 28. Qd3 {[%clk 0:12:40]} Qc4
{[%clk 0:07:09]} 29. Qxc4 {[%clk 0:12:00]} Nxc4 {[%clk 0:07:35]} 30. Kf2
{[%clk 0:11:15]} Nb6 {[%clk 0:06:17]} 31. Re1 {[%clk 0:09:57]} Rxe1
{[%clk 0:05:51]} 32. Kxe1 {[%clk 0:10:22]} g5 {[%clk 0:05:01]} 33. Ke2
{[%clk 0:10:13]} Kg6 {[%clk 0:05:26]} 34. Kd3 {[%clk 0:09:11]} Nd5
{[%clk 0:03:23]} 35. a3 {[%clk 0:07:00]} Nf6 {[%clk 0:02:46]} 36. c4
{[%clk 0:03:30]} g4 {[%clk 0:00:42]} 37. Be3 {[%clk 0:01:50]} gxh3
{[%clk 0:00:40]} 38. gxh3 {[%clk 0:02:15]} d5 {[%clk 0:00:55]} 39. b3
{[%clk 0:02:08]} c6 {[%clk 0:01:00]} 40. Ne2 {[%clk 0:31:28]} Kf5
{[%clk 0:30:44]} 41. Nc3 {[%clk 0:29:41]} dxc4+ {[%clk 0:20:53]} 42. bxc4
{[%clk 0:29:14]} Bf8 {[%clk 0:19:28]} 43. a4 {[%clk 0:27:49]} h5 {[%clk 0:18:14]}
44. Ne2 {[%clk 0:18:46]} Bd6 {[%clk 0:15:43]} 45. Nc1 {[%clk 0:14:32]} b5
{[%clk 0:08:24]} 46. axb5 {[%clk 0:12:25]} axb5 {[%clk 0:08:36]} 47. cxb5
{[%clk 0:12:48]} cxb5 {[%clk 0:09:04]} 48. Ne2 {[%clk 0:12:03]} Nd5
{[%clk 0:08:37]} 49. Bd2 {[%clk 0:11:18]} Nf4+ {[%clk 0:05:59]} 50. Bxf4
{[%clk 0:08:05]} Bxf4 {[%clk 0:06:26]} 51. Nc3 {[%clk 0:07:51]} b4
{[%clk 0:06:28]} 52. Nd5 {[%clk 0:07:08]} Bd6 {[%clk 0:06:43]} 53. Nxb4
{[%clk 0:04:59]} 1/2-1/2

[Event "MP do 16 lat - chlopcy"]
[Site "Sypniewo"]
[Date "2022.03.25"]
[Round "7.17"]
[White "Garwacki, Kornel"]
[Black "Taranowicz, Michal"]
[Result "0-1"]
[BlackElo "1965"]
[WhiteElo "1512"]
[LiveChessVersion "1.4.8"]

1. e4 {[%clk 1:30:59]} e6 {[%clk 1:30:14]} 2. d4 {[%clk 1:30:14]} d5
{[%clk 1:30:40]} 3. exd5 {[%clk 1:30:15]} exd5 {[%clk 1:31:05]} 4. Bd3
{[%clk 1:30:21]} Bd6 {[%clk 1:31:30]} 5. h3 {[%clk 1:30:03]} Nc6 {[%clk 1:31:47]}
6. Nf3 {[%clk 1:30:13]} Nge7 {[%clk 1:32:13]} 7. c3 {[%clk 1:30:01]} Bf5
{[%clk 1:32:34]} 8. Qc2 {[%clk 1:29:23]} Qd7 {[%clk 1:32:44]} 9. Bxf5
{[%clk 1:27:09]} Nxf5 {[%clk 1:33:09]} 10. Qe2+ {[%clk 1:26:37]} Nfe7
{[%clk 1:32:38]} 11. O-O {[%clk 1:23:02]} O-O-O {[%clk 1:31:57]} 12. b4
{[%clk 1:20:51]} f6 {[%clk 1:31:38]} 13. a4 {[%clk 1:13:41]} g5 {[%clk 1:29:19]}
14. Nfd2 {[%clk 1:12:15]} h5 {[%clk 1:28:31]} 15. a5 {[%clk 1:09:23]} Ng6
{[%clk 1:27:28]} 16. Nb3 g4 17. b5 {[%clk 1:08:38]} Nce7 {[%clk 1:25:24]} 18. h4
{[%clk 0:59:40]} Nxh4 {[%clk 1:20:28]} 19. Nc5 {[%clk 0:58:55]} Bxc5
{[%clk 1:20:53]} 20. dxc5 {[%clk 0:59:21]} Rdg8 {[%clk 1:18:00]} 21. Rd1
{[%clk 0:42:08]} g3 {[%clk 0:58:56]} 22. f3 {[%clk 0:39:39]} Nxg2
{[%clk 0:54:51]} 23. Kxg2 {[%clk 0:37:47]} h4 {[%clk 0:50:22]} 24. c6
{[%clk 0:30:50]} h3+ {[%clk 0:50:11]} 25. Kh1 {[%clk 0:29:29]} Qd6
{[%clk 0:47:26]} 26. f4 {[%clk 0:26:00]} h2 {[%clk 0:45:14]} 27. cxb7+
{[%clk 0:25:53]} Kb8 {[%clk 0:44:15]} 28. Qg2 {[%clk 0:25:50]} Nf5
{[%clk 0:43:38]} 29. b6 {[%clk 0:17:26]} Nh4 {[%clk 0:43:11]} 30. bxa7+
{[%clk 0:17:15]} Kxa7 {[%clk 0:43:33]} 31. Be3+ {[%clk 0:14:23]} Kb8
{[%clk 0:42:46]} 32. Rxd5 {[%clk 0:12:19]} Nxg2 33. Rxd6 {[%clk 0:12:28]} Nxe3
{[%clk 0:41:03]} 34. a6 {[%clk 0:12:39]} g2# {[%clk 0:41:29]} 0-1

[Event "MP do 16 lat - chlopcy"]
[Site "Sypniewo"]
[Date "2022.03.25"]
[Round "7.18"]
[White "Starosciak, Szymon"]
[Black "Wilk, Igor"]
[Result "0-1"]
[BlackElo "1753"]
[WhiteElo "1921"]
[LiveChessVersion "1.4.8"]

1. e4 {[%clk 1:30:57]} e6 {[%clk 1:30:48]} 2. d4 {[%clk 1:30:46]} d5
{[%clk 1:31:13]} 3. Nd2 {[%clk 1:30:50]} c5 {[%clk 1:31:35]} 4. exd5
{[%clk 1:31:06]} Qxd5 {[%clk 1:31:58]} 5. Ngf3 {[%clk 1:30:53]} cxd4
{[%clk 1:32:16]} 6. Bc4 {[%clk 1:30:53]} Qd6 {[%clk 1:32:36]} 7. O-O
{[%clk 1:29:55]} Nf6 {[%clk 1:32:48]} 8. Nb3 {[%clk 1:29:34]} Nc6
{[%clk 1:33:08]} 9. Nfxd4 {[%clk 1:23:27]} Nxd4 {[%clk 1:33:11]} 10. Nxd4
{[%clk 1:23:41]} a6 {[%clk 1:33:25]} 11. Bb3 {[%clk 1:22:27]} Bd7
{[%clk 1:31:18]} 12. c3 {[%clk 1:19:49]} Qc7 {[%clk 1:29:00]} 13. Re1
{[%clk 0:56:48]} O-O-O {[%clk 1:28:47]} 14. Qe2 {[%clk 0:53:51]} Bd6
{[%clk 1:25:54]} 15. Nf3 {[%clk 0:51:10]} Bc6 {[%clk 1:00:55]} 16. h3
{[%clk 0:46:51]} h6 {[%clk 0:56:16]} 17. Ne5 {[%clk 0:24:54]} Bxe5
{[%clk 0:51:40]} 18. Qxe5 {[%clk 0:25:18]} Qxe5 {[%clk 0:52:05]} 19. Rxe5
{[%clk 0:25:41]} Nd7 {[%clk 0:52:24]} 20. Ra5 {[%clk 0:19:58]} Nf6
{[%clk 0:43:51]} 21. c4 {[%clk 0:17:27]} Ne4 {[%clk 0:38:42]} 22. Bc2
{[%clk 0:17:18]} Nd6 {[%clk 0:33:53]} 23. b3 {[%clk 0:16:03]} f6 {[%clk 0:29:51]}
24. Be3 {[%clk 0:13:20]} Kc7 {[%clk 0:28:16]} 25. f3 {[%clk 0:10:53]} g5
{[%clk 0:26:26]} 26. Rd1 {[%clk 0:02:49]} Nf7 {[%clk 0:22:36]} 27. Rxd8
{[%clk 0:01:40]} Rxd8 {[%clk 0:22:44]} 28. c5 {[%clk 0:01:21]} h5
{[%clk 0:19:11]} 29. f4 {[%clk 0:00:59]} gxf4 {[%clk 0:18:33]} 30. Bxf4+
{[%clk 0:01:24]} e5 {[%clk 0:18:57]} 31. Be3 {[%clk 0:00:43]} Rg8
{[%clk 0:18:35]} 32. g4 {[%clk 0:01:03]} hxg4 {[%clk 0:18:34]} 33. h4
{[%clk 0:01:22]} g3 {[%clk 0:17:43]} 34. b4 {[%clk 0:01:14]} Rg4 {[%clk 0:17:52]}
35. Ra3 {[%clk 0:00:33]} Rxh4 {[%clk 0:18:04]} 0-1